[Event "Titled Tuesday intern op 14th Dec"]
[Site "Chess.com INT"]
[Date "2021.12.14"]
[Round "7"]
[White "Vianello, Enrico"]
[Black "Maranhao, Jose Renato Ruiz"]
[Result "0-1"]
[WhiteElo "2051"]
[BlackElo "1923"]
[PlyCount "84"]
[EventDate "2021.12.14"]
[EventType "swiss (blitz)"]
[EventRounds "11"]
[EventCountry "USA"]
[SourceTitle "EXT 2023"]
[Source "ChessBase"]
[SourceDate "2022.10.05"]
[SourceVersion "1"]
[SourceVersionDate "2022.10.05"]
[SourceQuality "1"]

1. Nf3 Nf6 2. c4 g6 3. Nc3 Bg7 4. e4 d6 5. d4 0-0 6. h3 c5 7. d5 Na6 8. Bd3 e6 9. 0-0 exd5 10. exd5 Nb4 11. Bb1 Re8 12. Bf4 Nh5 13. Bh2 Qf6 14. Nd2 Nf4 15. Nde4 Rxe4 16. Bxe4 Nxh3+ 17. gxh3 Bxh3 18. Qf3 Bxf1 19. Qxf6 Bxf6 20. Kxf1 Re8 21. a3 Bxc3 22. bxc3 Rxe4 23. axb4 Rxc4 24. Rxa7 cxb4 25. cxb4 Rxb4 26. Bxd6 Rb5 27. Ra8+ Kg7 28. Bf8+ Kf6 29. d6 Ke6 30. Be7 h5 31. Kg2 Rb3 32. Rd8 b5 33. Bh4 Rd3 34. Bg3 h4 35. Bh2 h3+ 36. Kf1 b4 37. Ke2 Rc3 38. Rb8 b3 39. Rb7 Rc2+ 40. Kf3 b2 41. Re7+ Kf6 42. Be5+ Kf5 0-1

[Event "Veneto-ch qf 79th"]
[Site "Padova"]
[Date "2020.02.21"]
[Round "1.27"]
[White "Vianello, Enrico"]
[Black "Gomirato, Anna"]
[Result "1-0"]
[WhiteElo "2050"]
[BlackElo "1666"]
[PlyCount "91"]
[EventDate "2020.02.21"]
[EventType "swiss"]
[EventRounds "3"]
[EventCountry "ITA"]
[SourceTitle "EXT 2024"]
[Source "ChessBase"]
[SourceDate "2023.10.10"]
[SourceVersion "1"]
[SourceVersionDate "2023.10.10"]
[SourceQuality "1"]

1. Nf3 d5 2. d4 e6 3. c4 Nf6 4. g3 c6 5. Bg2 Bd6 6. Nc3 Nbd7 7. Nd2 0-0 8. 0-0 b6 9. e4 dxe4 10. Ndxe4 Nxe4 11. Nxe4 Be7 12. Qc2 Bb7 13. Rd1 Nf6 14. Nc3 Qc7 15. Bf4 Bd6 16. Bg5 Be7 17. Rac1 h6 18. Bxf6 Bxf6 19. Ne4 Qe7 20. c5 b5 21. Nd6 Rfd8 22. Qe4 Rab8 23. Rc3 Ba8 24. Rf3 Rd7 25. Bf1 g6 26. h4 h5 27. g4 hxg4 28. Qxg4 Kg7 29. h5 Rh8 30. hxg6 fxg6 31. Bd3 Rh6 32. Qf4 Rd8 33. Rg3 Rdh8 34. Be4 Bh4 35. Rg4 Rf8 36. Qe5+ Bf6 37. Qg3 Bh4 38. Rxg6+ Rxg6 39. Qxg6+ Kh8 40. Qh6+ Kg8 41. Qg6+ Kh8 42. Qh5+ Kg8 43. f3 Qg7+ 44. Kf1 Bf6 45. Rd2 Bg5 46. Rg2 1-0